| 000 | 01604nam a2200265 4500 | ||
|---|---|---|---|
| 005 | 20250329165417.0 | ||
| 007 | ta | ||
| 008 | 180709s2021 000 0 eng d | ||
| 040 |
_aCO-CtgCURN _bspa _ccoctgcurn |
||
| 082 | 0 |
_aBAC 2021 _bL925 |
|
| 100 | 1 | _aLozano Gueto, Muriel Estefany. | |
| 245 | 1 | 0 |
_aStaphylococcus aureus en manipuladores de alimentos y factores relacionados con la colonización y contaminación de alimentos / _cMuriel Estefany Lozano Gueto, Thalia Carolina Martínez López, Andry Michel Palacios Urrego. |
| 260 | _c2021. | ||
| 260 | 1 |
_aCartagena de Indias : : _bCorporación Universitaria Rafael Nuñez,, _c2021. |
|
| 300 | _a15 hojas. | ||
| 504 | _aTrabajo de grado (Bacteriologia). Corporación Universitaria Rafael Nuñez. Facultad de Ciencias de la salud. Bacteriologia, 2021. | ||
| 520 | _a"Analizar estudios recientes sobre la colonización de S. aureus en manipuladores de alimentos y los principales factores relacionados con su colonización y contaminación de los alimentos con año de publicación del 2010 hasta el primer semestre del año 2020 " | ||
| 650 | 1 | 4 |
_aBacteriologia _vTesis y disertaciones academicas. |
| 700 | 1 | _aMartínez López, Thalia Carolina. | |
| 700 | 1 | _aPalacios Urrego, Andry Michel. | |
| 856 |
_uhttps://unicurn.sharepoint.com/:b:/s/biblioteca/EUzbuJU6dhpHtMrITB8D_6UBOa9D8fb1PbtZ_R_248a7YA?e=Z23aGj _zClick aqui para ver el recurso en texto completo |
||
| 856 | 7 | _zClick aqui para ver el recurso en texto completo | |
| 942 |
_2ddc _cTG _hBAC 2021 _iL925 |
||
| 999 |
_c3074 _d3074 |
||